Đánh giá khả năng sử dụng ảnh viễn thám MODIS theo dõi biến động hiện trạng sủ dụng đất cấp tỉnh, huyện (Trưởng hợp nghiên cứu ở tỉnh Vĩnh Long giai đoạn 2000-2010) : Luận văn thạc sĩ chuyên ngành Quản lý đất đai

So sánh, đánh giá biến động hiện trạng sử dụng dất cấp tỉnh và huyện giai đoạn 2000 - 2010 ở Vĩnh Long từ kết quả lập bản đồ bằng phương pháp truyền thống và phương pháp giải đoán ảnh MODIS

সংরক্ষণ করুন:
গ্রন্থ-পঞ্জীর বিবরন
প্রধান লেখক: Nguyễn, Quốc Hậu
বিন্যাস: গ্রন্থ
ভাষা:Undetermined
প্রকাশিত: Cần Thơ Trường Đại học Cần Thơ 2012
বিষয়গুলি:
ট্যাগগুলো: ট্যাগ যুক্ত করুন
কোনো ট্যাগ নেই, প্রথমজন হিসাবে ট্যাগ করুন!
Thư viện lưu trữ: Trung tâm Học liệu Trường Đại học Cần Thơ
LEADER 01362nam a2200229Ia 4500
001 CTU_177671
008 210402s9999 xx 000 0 und d
082 |a 333.730285 
082 |b H125 
088 |a 60850103 
100 |a Nguyễn, Quốc Hậu 
245 0 |a Đánh giá khả năng sử dụng ảnh viễn thám MODIS theo dõi biến động hiện trạng sủ dụng đất cấp tỉnh, huyện (Trưởng hợp nghiên cứu ở tỉnh Vĩnh Long giai đoạn 2000-2010) : 
245 0 |b Luận văn thạc sĩ chuyên ngành Quản lý đất đai 
245 0 |c Nguyễn Quốc Hậu ; Võ Quang Minh, Huỳnh Thị Thu Hương (Hướng dẫn khoa học) 
260 |a Cần Thơ 
260 |b Trường Đại học Cần Thơ 
260 |c 2012 
520 |a So sánh, đánh giá biến động hiện trạng sử dụng dất cấp tỉnh và huyện giai đoạn 2000 - 2010 ở Vĩnh Long từ kết quả lập bản đồ bằng phương pháp truyền thống và phương pháp giải đoán ảnh MODIS 
650 |a Land use,Sử dụng đất 
650 |x Planning,Data processing,Xử lí dữ liệu,Kế hoạch 
904 |i Phú,Hải 
980 |a Trung tâm Học liệu Trường Đại học Cần Thơ